Nevres-i Kadim ve Türkçe divanı : (Record no. 66417)
| 000 -BAŞLIK | |
|---|---|
| Sabit Uzunluktaki Kontrol Alanı | 01987nam a22004097a 4500 |
| 001 - KONTROL NUMARASI | |
| Control Dosyası | 0066034 |
| 003 - KONTROL NUMARASI KİMLİĞİ | |
| Kontrol Alanı | KOHA_MİRAKIL |
| 005 - EN SON İŞLEM TARİHİ ve ZAMANI | |
| Kontrol Alanı | 20260207004625.0 |
| 007 - FİZİKSEL TANIM SABİT ALAN - GENEL BİLGİ | |
| Sabit uzunluklu kontrol alanı | ta |
| 008 - SABİT UZUNLUKTAKİ VERİ ÖGELERİ - GENEL BİLGİ | |
| Sabit Alan | 210322b1996 tu a|||gr||||#0|||1|tur | |
| 040 ## - KATALOGLAMA KAYNAĞI | |
| Özgün Kataloglama Kurumu | TR-BiSEU |
| Kataloglama Dili | tur |
| Çeviri Kurumu | TR-BiSEU |
| Açıklama Kuralları | rda |
| 041 0# - DİL KODU | |
| Metin ya da ses kaydının dil kodu | tur |
| 044 ## - YAYINLAYAN/ÜRETEN KURULUŞUN ÜLKE KODU | |
| ISO country code | tu |
| 050 ## - SINIFLAMA ve YER NUMARASI | |
| Sınıflama Numarası | PL248 |
| Yer Numarası | .N48 1996 |
| 100 0# - KİŞİ ADI | |
| Yazar Adı (Kişi adı) | Nevres-i Kadım. |
| 240 10 - TEK BİÇİM BAŞLIK | |
| Tekbiçim Başlık | <a href="Nevres-i Kadim and his Turkish Divan : textual analysis, critical edition and facsimile (part 1: critical edition and index)">Nevres-i Kadim and his Turkish Divan : textual analysis, critical edition and facsimile (part 1: critical edition and index)</a> |
| Language of a work | Türkçe |
| 245 1# - ESER ADI BİLDİRİMİ | |
| Başlık | Nevres-i Kadim ve Türkçe divanı : |
| Alt Eseradı vb. | inceleme, tenkidli metin ve tıpkıbasım (2. kısım : |
| -- | tenkidli metin ve dizin) = |
| -- | Nevres-i Kadim and his Turkish Divan : |
| -- | textual analysis, critical edition and facsimile (part 1: critical edition and index)/ |
| Sorumluluk Bildirimi | Nevres-i Kadım ; Nevres-i Kadım ; Hüseyin Akkaya; yayınlayanlar Şinasi Tekin, Gönül Alpay Tekin. |
| 264 #1 - ÜRERİM, YAYIN, DAĞITIM ve TELİF BİLDİRİMİ | |
| Yayın yeri | Cambridge : |
| Yayınlayan | Harvard Üniversitesi Yakındoğu Dilleri ve Medeniyetleri Bölümü = Harvard University Department of Near Eastern Languages and Civilizations |
| Yayın tarihi | 1996 |
| 300 ## - FİZİKSEL TANIMLAMA | |
| Sayfa, Cilt vb. | 2 cilt : |
| Diğer fiziki detaylar | tıpkıbasım ; |
| Boyutları | 28 cm. |
| 336 ## - İÇERİK TÜRÜ | |
| Content type term | metin |
| Content type code | txt |
| Source | rdacontent |
| 337 ## - MEDYA TÜRÜ | |
| Media type term | aracısız |
| Media type code | n |
| Source | rdamedia |
| 338 ## - TAŞIYICI TÜRÜ | |
| Carrier type term | cilt |
| Carrier type code | nc |
| Source | rdacarrier |
| 490 1# - DİZİ BİLDİRİMİ | |
| Dizi Bildirimi | Doğu Dilleri ve Edebiyatlarının Kaynakları ; |
| Cilt Numarası | 35. |
| 490 1# - DİZİ BİLDİRİMİ | |
| Dizi Bildirimi | Türkçe Kaynaklar ; |
| Cilt Numarası | 32 = |
| Dizi Bildirimi | Sources of Oriental Languages and Literatures ; |
| Cilt Numarası | 35. |
| 490 1# - DİZİ BİLDİRİMİ | |
| Dizi Bildirimi | Turkish Sources ; |
| Cilt Numarası | 32. |
| 500 ## - GENEL NOT | |
| Genel Not | Dizin var. |
| 650 #0 - KONU BAŞLIĞI EK GİRİŞ - KONU TERİMİ | |
| Konusal terim veya coğrafi ad | Divan şiiri. |
| 9 (RLIN) | 18264 |
| 650 #0 - KONU BAŞLIĞI EK GİRİŞ - KONU TERİMİ | |
| Konusal terim veya coğrafi ad | Türk Edebiyatı--Divan Şiiri. |
| 9 (RLIN) | 118157 |
| 650 #0 - KONU BAŞLIĞI EK GİRİŞ - KONU TERİMİ | |
| Konusal terim veya coğrafi ad | Divan edebiyatı. |
| 9 (RLIN) | 76559 |
| 650 #0 - KONU BAŞLIĞI EK GİRİŞ - KONU TERİMİ | |
| Konusal terim veya coğrafi ad | Nevres-i Kadim, d. 1761 or 2. |
| 9 (RLIN) | 124411 |
| 650 #0 - KONU BAŞLIĞI EK GİRİŞ - KONU TERİMİ | |
| Konusal terim veya coğrafi ad | Nevres-i Kadim, ö. 1761 veya 2. |
| 9 (RLIN) | 124412 |
| 830 1# - SERİ EK GİRİŞİ - TEKBİÇİM ESER ADI | |
| Tekbiçim Başlık | Doğu Dilleri ve Edebiyatlarının Kaynakları ; |
| Volume number/sequential designation | 35. |
| 9 (RLIN) | 85115 |
| 830 1# - SERİ EK GİRİŞİ - TEKBİÇİM ESER ADI | |
| Tekbiçim Başlık | Türkçe Kaynaklar ; |
| Volume number/sequential designation | 32 = |
| Tekbiçim Başlık | Sources of Oriental Languages and Literatures ; |
| Volume number/sequential designation | 35. |
| 9 (RLIN) | 124413 |
| 830 1# - SERİ EK GİRİŞİ - TEKBİÇİM ESER ADI | |
| Tekbiçim Başlık | Turkish Sources ; |
| Volume number/sequential designation | 32. |
| 9 (RLIN) | 124414 |
| 907 ## - LOCAL DATA ELEMENT G, LDG (RLIN) | |
| a | Edebiyat |
| 942 ## - EK GİRİŞ ÖGELERİ (KOHA) | |
| Source of classification or shelving scheme | Library of Congress Classification |
| Koha item type | Book |
| Materyal Türü | Kalıcı Konum | Mevcut Konum | Raf Yeri | Sınıflandırma Kaynağı | Edinim Bilgisi | Ana Konular | Alt Konular | Yer Numarası | Cilt Bilgisi | Demirbaş Numarası | Fatura Tarihi | Geri Çekilme Durumu | Kayıp Durumu | Hasarlı Durumu | Kredi için değil | Kayıt Tarih | Toplam Ödünçverme | Son Görülme Tarihi | Son Kontrol Tarihi | Genel / Bağış Notu |
|---|---|---|---|---|---|---|---|---|---|---|---|---|---|---|---|---|---|---|---|---|
| Book | Prof. Dr. Azmi Özcan Kütüphanesi | Prof. Dr. Azmi Özcan Kütüphanesi | Birûni Salonu | Library of Congress Classification | Bağış | DİL VE EDEBİYAT | Doğu Asya, Afrika, Okyanusya Dilleri ve Edebiyatları | PL248 .N48 1996 | c.2 | 0066034 | 02/02/2026 | 22/03/2021 | 05/03/2025 | 05/03/2025 | Millet Kütüphanesi [Cumhurbaşkanlığı Külliyesi] | |||||
| Book | Prof. Dr. Azmi Özcan Kütüphanesi | Prof. Dr. Azmi Özcan Kütüphanesi | Birûni Salonu | Library of Congress Classification | Bağış | DİL VE EDEBİYAT | Doğu Asya, Afrika, Okyanusya Dilleri ve Edebiyatları | PL248 .N48 1996 | c.1 | 0066035 | 02/02/2026 | 22/03/2021 | 05/03/2025 | 05/03/2025 | Millet Kütüphanesi [Cumhurbaşkanlığı Külliyesi] |
